| 000 | 00506nam a22001697a 4500 | ||
|---|---|---|---|
| 005 | 20251126183003.0 | ||
| 008 | 251121b |||||||| |||| 00| 0 eng d | ||
| 020 | _a978-81-938138-9-8 | ||
| 041 | _aeng | ||
| 082 | _a615.102 BOG-A | ||
| 100 |
_aBOGGULA, NARENDRA AND KUMAR, DR. KUNDURU VIVEK & SHARATHNATH, KAVETI VAMSHI _98758 |
||
| 245 | _aAN INSIGHT INTO CHEMICAL CLASSIFICATION OF DRUGS | ||
| 260 |
_aHYDERABAD _bTAURUS PUBLISHERS |
||
| 300 | _a139;P | ||
| 650 |
_aPHARMACY _xB.PHARMA |
||
| 942 | _cBK | ||
| 999 |
_c8932 _d8930 |
||